[Event "4NCL Div 1 2018-19"]
[Site "Daventry"]
[Date "2018.11.10"]
[Round "1"]
[White "Bremner, Adam"]
[Black "Bulmaga, Irina"]
[Result "0-1"]
[WhiteElo "2210"]
[BlackElo "2386"]
[Annotator "NA"]
[PlyCount "124"]
[EventDate "2018.11.10"]
[EventType "team-tourn"]
[EventCountry "GBR"]
[SourceTitle "playchess.com"]
[Source "ChessBase"]
[SourceQuality "1"]
[TimeControl "40/6000+30:3000+30"]

1. d4 {[%emt 0:00:57]} Nf6 {[%emt 0:00:00]} 2. c4 {[%emt 0:00:08]} e6 {[%emt 0:00:00]} 3. Nf3 {[%emt 0:00:11]} b6 {[%emt 0:00:11]} 4. g3 {[%emt 0:00:10]} Ba6 {[%emt 0:00:16]} 5. Qc2 {[%emt 0:00:29]} Bb4+ {[%emt 0:04:52]} 6. Bd2 {[%emt 0:00:30] E15: Queen's Indian: 4 g3 sidelines, 4 g3 Ba6 and 4 g3 Bb7 early deviations} Bxd2+ {[%emt 0:02:07]} (6... Be7 7. Bg2 c6 8. O-O d5 9. b3 Nbd7 10. Bc3 dxc4 11. Bb2 cxb3 12. axb3 Bb7 13. Nbd2 Nd5 14. Ne5 Nb4 15. Qc1 O-O 16. Rd1 a5 17. Ndc4 Nf6 {½-½ (58) Adhiban,B (2666)-Zhigalko,S (2671) Doha 2016}) 7. Nbxd2 {[%emt 0:00:14]} d5 {[%emt 0:05:13]} 8. cxd5 {[%emt 0:03:23]} exd5 {[%emt 0:00:40]} 9. Rc1 {[%emt 0:00:28]} c6 {[%emt 0:02:41]} 10. Ne5 {[%emt 0:01:07]} O-O {[%emt 0:01:43]} 11. e3 {[%emt 0:08:33]} Bxf1 {[%emt 0:18:38]} 12. Kxf1 {[%emt 0:00:10]} Re8 {[%emt 0:07:14]} 13. Kg2 $146 {[%emt 0:08:37]} ({Predecessor:} 13. Nd3 a5 {1-0 (53) Berczes,D (2512)-Rigo,J (2325) Harkany 2009}) 13... c5 {[%emt 0:06:35]} 14. Rhd1 {[%emt 0:03:58]} c4 {[%emt 0:10:08]} 15. Qf5 {[%emt 0:10:47]} Nbd7 {[%emt 0:04:57]} 16. Nxd7 {[%emt 0:03:32]} Qxd7 {[%emt 0:00:32]} 17. Qxd7 {[%emt 0:00:11]} Nxd7 {[%emt 0:00:06]} 18. e4 {[%emt 0:00:09]} b5 {[%emt 0:05:17]} 19. e5 {[%emt 0:02:04]} Nb6 {[%emt 0:12:03]} 20. f4 {[%emt 0:03:32]} Na4 {[%emt 0:01:37]} 21. Rc2 {[%emt 0:01:11]} b4 {[%emt 0:00:32]} 22. Nf1 {[%emt 0:06:11]} a5 {[%emt 0:03:09]} 23. Ne3 {[%emt 0:00:39]} Red8 {[%emt 0:00:40]} 24. Rdc1 {[%emt 0:00:56]} h6 {[%emt 0:06:56]} 25. g4 {[%emt 0:03:44]} Rab8 {[%emt 0:02:28]} 26. b3 {[%emt 0:05:20]} cxb3 {[%emt 0:01:06]} 27. axb3 {[%emt 0:00:09]} Nc3 {[%emt 0:00:12]} 28. Nf5 {[%emt 0:01:38]} Kf8 {[%emt 0:01:35]} 29. Kf3 {[%emt 0:00:32]} Rdc8 {[%emt 0:03:27]} 30. Ne3 {[%emt 0:02:20]} Rd8 {[%emt 0:01:28]} 31. Nf5 {[%emt 0:00:17]} Ra8 {[%emt 0:01:40]} 32. Rb2 {[%emt 0:07:20]} Rdc8 {[%emt 0:01:07]} 33. Ne3 {[%emt 0:02:59]} Rd8 {[%emt 0:01:50]} 34. Nf5 {[%emt 0:00:23]} a4 {[%emt 0:01:09]} 35. bxa4 {[%emt 0:00:28]} Rxa4 {[%emt 0:00:02]} 36. Rb3 {[%emt 0:00:35]} Rda8 {[%emt 0:00:44]} 37. Kg2 {[%emt 0:06:55]} Ra2+ {[%emt 0:01:55]} 38. Kh3 {[%emt 0:00:25]} R2a3 {[%emt 0:00:34]} 39. Rxa3 {[%emt 0:01:01]} bxa3 {[%emt 0:00:21]} 40. Rxc3 {[%emt 0:01:30]} a2 {[%emt 0:00:03]} 41. Rc1 {[%emt 0:50:10]} a1=Q {[%emt 0:50:13]} 42. Rxa1 {[%emt 0:00:05]} Rxa1 {[%emt 0:00:05]} 43. Kg3 {[%emt 0:01:34]} Ra4 {[%emt 0:00:22]} 44. Kf3 {[%emt 0:00:25]} g6 {[%emt 0:00:48]} 45. Nxh6 {[%emt 0:00:11]} Rxd4 {[%emt 0:00:22]} 46. h4 {[%emt 0:01:14]} Rd3+ {[%emt 0:00:35]} 47. Ke2 {[%emt 0:00:12]} Rh3 {[%emt 0:00:43]} 48. h5 {[%emt 0:01:31]} gxh5 {[%emt 0:03:13]} 49. gxh5 {[%emt 0:00:05]} Rxh5 {[%emt 0:00:08]} 50. Ng4 {[%emt 0:00:05]} Ke7 {[%emt 0:00:49]} 51. Nf6 {[%emt 0:01:04]} Rh2+ {[%emt 0:01:18]} 52. Ke3 {[%emt 0:00:28]} Ke6 {[%emt 0:00:14]} 53. Ne8 {[%emt 0:00:29]} Kd7 {[%emt 0:00:00]} 54. Nf6+ {[%emt 0:00:00]} Kc6 {[%emt 0:00:00]} 55. f5 {[%emt 0:00:00]} Rh3+ {[%emt 0:00:00]} 56. Kf4 {[%emt 0:00:00]} d4 {[%emt 0:00:00]} 57. e6 $19 {[%emt 0:00:00]} fxe6 {[%emt 0:00:00]} 58. fxe6 {[%emt 0:00:00]} Re3 {[%emt 0:00:00]} 59. Ne4 {[%emt 0:00:00]} Kd5 {[%emt 0:00:00]} 60. Ng5 {[%emt 0:00:00]} Re5 {[%emt 0:00:00]} 61. Kg4 {[%emt 0:00:00]} d3 {[%emt 0:00:00]} 62. Nh3 {[%emt 0:00:00]} d2 {[%emt 0:00:00]} 0-1

[Event "4NCL Div 1 2018-19"]
[Site "Daventry"]
[Date "2018.11.10"]
[Round "1"]
[White "Dargan, Paul A G"]
[Black "Chow, Samuel"]
[Result "0-1"]
[WhiteElo "2207"]
[BlackElo "2326"]
[Annotator "NA"]
[PlyCount "66"]
[EventDate "2018.11.10"]
[EventType "team-tourn"]
[EventCountry "GBR"]
[SourceTitle "playchess.com"]
[Source "ChessBase"]
[SourceQuality "1"]
[TimeControl "40/6000+30:3000+30"]

1. e4 {[%emt 0:00:00]} e6 {[%emt 0:00:00]} 2. d4 {[%emt 0:00:00]} d5 {[%emt 0:00:00]} 3. Nd2 {[%emt 0:00:00]} Nf6 {[%emt 0:00:11]} 4. e5 {[%emt 0:00:03]} Nfd7 {[%emt 0:00:13]} 5. c3 {[%emt 0:00:08]} c5 {[%emt 0:00:17]} 6. Bd3 {[%emt 0:00:09]} Nc6 {[%emt 0:00:15]} 7. Ne2 {[%emt 0:00:47]} cxd4 {[%emt 0:00:31]} 8. cxd4 {[%emt 0:00:07]} f6 {[%emt 0:00:26]} 9. exf6 {[%emt 0:00:49]} Qxf6 {[%emt 0:00:27]} 10. O-O {[%emt 0:00:37]} Bd6 {[%emt 0:00:14]} 11. Nf3 {[%emt 0:00:11]} h6 {[%emt 0:00:16]} 12. Ng3 {[%emt 0:03:43]} O-O {[%emt 0:00:20]} 13. Bc2 {[%emt 0:02:51] C06: French Tarrasch: 3...Nf6 4 e5 Nfd7 5 Bd3 main lines} Rf7 {[%emt 0:00:37]} 14. Be3 {[%emt 0:17:07]} Nf8 {[%emt 0:03:14]} 15. Qd2 {[%emt 0:09:08] LiveBook: 5 Games [#]} Rc7 $146 {[%emt 0:08:19]} ({Predecessor:} 15... Bd7 16. Nh5 Qd8 17. Bf4 Be8 18. Bxd6 Qxd6 19. Ng3 Qb4 20. Rad1 Qxd2 21. Rxd2 {½-½ (44) Spasov,V (2579)-Rusev,K (2521) Plovdiv 2008}) 16. Nh5 {[%emt 0:10:18]} Qf7 {[%emt 0:02:30]} 17. Bf4 {[%emt 0:01:57] [#]} e5 $1 {[%emt 0:03:36]} 18. dxe5 {[%emt 0:01:52]} Bb4 {[%emt 0:00:37]} 19. e6 {[%emt 0:01:51]} Qxh5 {[%emt 0:06:14]} 20. Qd3 {[%emt 0:03:36]} Re7 {[%emt 0:07:06]} 21. a3 {[%emt 0:00:08]} Ba5 {[%emt 0:01:15]} ({Weaker is} 21... Nxe6 22. Bg3 $17) 22. Bd6 {[%emt 0:02:26]} Rxe6 {[%emt 0:01:21]} 23. Bxf8 {[%emt 0:00:10]} Kxf8 {[%emt 0:00:06]} 24. Qh7 $19 {[%emt 0:00:48]} Kf7 {[%emt 0:22:26]} 25. Rad1 {[%emt 0:08:47]} Rf6 {[%emt 0:03:37]} 26. Bb3 {[%emt 0:22:29]} Be6 {[%emt 0:01:51]} 27. Rd3 {[%emt 0:05:11]} Rd8 {[%emt 0:05:11]} 28. Rfd1 {[%emt 0:00:36]} Rg6 {[%emt 0:12:35]} 29. Bc2 {[%emt 0:09:11]} Rxg2+ {[%emt 0:06:43]} 30. Kxg2 {[%emt 0:01:31]} Bf5 {[%emt 0:00:23]} 31. Rxd5 {[%emt 0:04:21]} Qg4+ {[%emt 0:00:33]} 32. Kf1 {[%emt 0:00:26]} Bxh7 {[%emt 0:01:08]} 33. Rxd8 {[%emt 0:01:40]} Bxd8 {[%emt 0:00:23]} 0-1

[Event "4NCL Div 1 2018-19"]
[Site "Daventry"]
[Date "2018.11.10"]
[Round "1"]
[White "Hansen, Hans-Peter"]
[Black "Fitzsimons, David"]
[Result "0-1"]
[WhiteElo "2192"]
[BlackElo "2301"]
[Annotator "ChessBase"]
[PlyCount "112"]
[EventDate "2018.11.10"]
[EventType "team-tourn"]
[EventCountry "GBR"]
[SourceTitle "playchess.com"]
[Source "ChessBase"]
[SourceQuality "1"]
[TimeControl "40/6000+30:3000+30"]

1. c4 {[%emt 0:00:00]} Nf6 {[%emt 0:00:00]} 2. Nc3 {[%emt 0:00:00]} g6 {[%emt 0:00:00]} 3. e4 {[%emt 0:01:44]} d6 {[%emt 0:00:13]} 4. d4 {[%emt 0:00:06]} Bg7 {[%emt 0:00:12]} 5. Be2 {[%emt 0:00:27]} O-O {[%emt 0:00:09]} 6. Nf3 {[%emt 0:01:11]} Qe8 {[%emt 0:00:46]} 7. Bg5 {[%emt 0:03:27]} Na6 {[%emt 0:04:56]} 8. O-O {[%emt 0:09:52]} h6 {[%emt 0:08:08]} 9. Bh4 {[%emt 0:06:45]} e5 {[%emt 0:09:46]} 10. d5 {[%emt 0:20:13]} Nh5 {[%emt 0:03:03]} 11. Ne1 {[%emt 0:04:34]} Nf4 {[%emt 0:00:21]} 12. Nd3 {[%emt 0:00:15]} g5 {[%emt 0:04:40]} 13. Bg3 {[%emt 0:00:09]} f5 {[%emt 0:00:30]} 14. exf5 {[%emt 0:06:30]} Bxf5 {[%emt 0:01:56]} 15. f3 {[%emt 0:05:04]} Qg6 {[%emt 0:05:39]} 16. Nf2 {[%emt 0:04:24]} Nc5 {[%emt 0:08:25]} 17. Qd2 {[%emt 0:08:40]} a5 {[%emt 0:05:53]} 18. Rfe1 {[%emt 0:05:29]} Rf7 {[%emt 0:12:32]} 19. Bf1 {[%emt 0:02:35]} Raf8 {[%emt 0:00:31]} 20. Nce4 {[%emt 0:04:35]} Nxe4 {[%emt 0:06:23]} 21. fxe4 {[%emt 0:00:07]} Bc8 {[%emt 0:00:14]} 22. Qxa5 {[%emt 0:04:13]} h5 {[%emt 0:04:26]} 23. Nd1 {[%emt 0:04:24]} h4 {[%emt 0:04:59]} 24. Bf2 {[%emt 0:01:10]} h3 {[%emt 0:07:28]} 25. g3 {[%emt 0:02:37]} Ng2 {[%emt 0:00:30]} 26. Bxg2 {[%emt 0:05:14]} hxg2 {[%emt 0:00:20]} 27. Re2 {[%emt 0:00:47]} Bg4 {[%emt 0:00:33]} 28. Qe1 {[%emt 0:00:28]} Bxe2 {[%emt 0:03:39]} 29. Qxe2 {[%emt 0:00:02]} g4 {[%emt 0:00:21]} 30. Rc1 {[%emt 0:02:40]} Rf3 {[%emt 0:02:39]} 31. Rc2 {[%emt 0:02:32]} R8f6 {[%emt 0:01:26]} 32. Kxg2 {[%emt 0:01:24]} Qh5 {[%emt 0:01:56]} 33. Kg1 {[%emt 0:02:08]} Qh3 {[%emt 0:01:52]} 34. Qf1 {[%emt 0:00:14]} Bh6 {[%emt 0:00:48]} 35. Qxh3 {[%emt 0:00:46]} gxh3 {[%emt 0:00:02]} 36. Kf1 {[%emt 0:00:55]} Kf7 {[%emt 0:03:10]} 37. Ke2 {[%emt 0:00:09]} b6 {[%emt 0:01:56]} 38. b4 {[%emt 0:01:23]} Ke8 {[%emt 0:02:36]} 39. c5 {[%emt 0:00:27]} dxc5 {[%emt 0:04:55]} 40. bxc5 {[%emt 0:00:04]} bxc5 {[%emt 0:00:35]} 41. Rxc5 {[%emt 0:06:07]} Ra3 {[%emt 0:02:41]} 42. Nc3 {[%emt 0:03:00]} Rb6 {[%emt 0:05:56]} 43. Rxc7 {[%emt 0:24:17]} Rb2+ {[%emt 0:00:53]} 44. Kf1 {[%emt 0:00:52]} Bd2 {[%emt 0:01:17]} 45. Nd1 {[%emt 0:04:04]} Rb1 {[%emt 0:00:35]} 46. Rc2 {[%emt 0:06:39]} Rxd1+ {[%emt 0:00:17]} 47. Ke2 {[%emt 0:00:04]} Rh1 {[%emt 0:00:22]} 48. Rxd2 {[%emt 0:00:14]} Rxh2 {[%emt 0:00:24]} 49. Rb2 {[%emt 0:03:27]} Rxg3 {[%emt 0:02:11]} 50. Rb8+ {[%emt 0:01:21]} Kd7 {[%emt 0:00:06]} 51. Rb7+ {[%emt 0:00:23]} Kc8 {[%emt 0:00:06]} 52. Rf7 {[%emt 0:00:17]} Ra3 {[%emt 0:00:18]} 53. d6 {[%emt 0:00:49]} Rxa2+ {[%emt 0:00:09]} 54. Ke3 {[%emt 0:00:19]} Ra3+ {[%emt 0:01:25]} 55. Ke2 {[%emt 0:01:02]} Rg2 {[%emt 0:00:18]} 56. Kf1 {[%emt 0:03:05]} Ra1+ {[%emt 0:00:06]} 0-1

[Event "4NCL Div 1 2018-19"]
[Site "Daventry"]
[Date "2018.11.10"]
[Round "1"]
[White "Nelson, Jonathan P"]
[Black "Quinn, John M"]
[Result "1/2-1/2"]
[WhiteElo "2190"]
[BlackElo "2163"]
[Annotator "TA"]
[PlyCount "108"]
[EventDate "2018.11.10"]
[EventType "team-tourn"]
[EventCountry "GBR"]
[SourceTitle "playchess.com"]
[Source "ChessBase"]
[SourceQuality "1"]

{[%evp 19,108,9,12,2,14,11,20,21,22,-3,43,45,52,76,138,37,43,41,43,47,80,71,68,69,86,78,82,59,69,20,9,-54,-47,-136,-138,-362,-359,-343,-362,-360,-353,-352,-357,-432,-427,-645,-631,-650,-617,-599,-629,-562,-483,-674,-669,-639,-627,-621,-293,-306,-275,-284,-76,-80,0,0,-24,-300,-314,-299,-312,-320,-313,-305,0,-298,-285,-307,-302,-677,-667,-650,-612,-589,-532,-557,0,-534,0,-505,0]} 1. e4 c5 2. g3 Nc6 3. Bg2 g6 4. d3 Bg7 5. f4 d6 6. Nf3 e6 7. O-O Nge7 8. c3 O-O 9. Be3 b6 10. a4 Ba6 {LiveBook: 9 Partien. B20: Sizilianisch} (10... Bb7 11. Bf2 Qd7 12. Na3 Rad8 13. Re1 Rfe8 14. g4 d5 15. e5 f6 16. exf6 Bxf6 17. Nc2 d4 18. c4 {0-1 (44) Zatonskih,A (2447)-Vrolijk,L (2427) Amsterdam 2018}) 11. Na3 {[%cal Bb1a3,Ba3b5,Bb5d6][%mdl 32]} Rc8 12. Nb5 Qd7 {Die Stellung ist ausgeglichen.} 13. Re1 Rfd8 14. Bf2 d5 15. e5 d4 $146 ({Vorgänger:} 15... Nf5 16. g4 Nh6 17. h3 Bf8 18. Bh4 {1-0 (47) Horvath,S (2297)-Kosztolanczi,G (2187) Hungary 2008}) 16. Nd6 Rc7 (16... dxc3 $142 17. bxc3 (17. Nxc8 Qxc8 18. bxc3 Rxd3 $11) 17... Ra8) 17. cxd4 (17. a5 $1 $16 {[%cal Ra5b6]} Bb7 18. axb6 (18. cxd4 cxd4 19. axb6 axb6 $16) 18... axb6 19. Ng5 (19. cxd4 cxd4 20. Ng5 Rf8 $18)) 17... cxd4 $14 18. Qd2 Nf5 19. b4 {[%cal Bb2b4,Bb4b5][%mdl 32]} Nxd6 20. exd6 Qxd6 21. b5 Na5 22. bxa6 Nb3 23. Qb2 Nxa1 24. Qxa1 Rc3 25. Nd2 ({Lieber} 25. Qd1 $11) 25... Rxd3 $15 26. Nc4 (26. Qb2 $15) 26... Qb4 $17 27. Bf1 $2 (27. Ne5 $17 Ra3 28. Qc1 Bxe5 29. fxe5 Qxa4 30. Qc7) 27... Rb3 $1 $19 (27... Qxc4 28. Qb1 $11) 28. f5 gxf5 (28... exf5 29. Qc1) 29. Qc1 Rc3 ({Weniger gut wäre} 29... Qxa4 30. Qg5 $19) 30. Qg5 f6 31. Qf4 {Schwarz sollte Dc7 verhindern.} Rxc4 32. Bd3 (32. Bxc4 $142 Qxc4 33. Rc1) 32... Rc3 33. Bb1 Ra3 34. Qc7 Qd6 35. Qxa7 Rxa4 36. Bc2 Ra3 37. Qb7 Rd7 38. Qc8+ Kf7 (38... Bf8 $142 39. Bd1 d3) 39. Bxf5 Re7 $1 (39... Rc3 40. Qa8 $15) 40. Bg4 {[%cal Rg4h5] [#]} Bh6 $2 (40... Bf8 $1 $19 {und Schwarz behält klar die Oberhand. ...d3 ist eine echte Drohung.} 41. Qc4 d3) 41. Qh8 $17 {[%cal Rg4h5]} Kg6 (41... Qd5 $17 {zielt auf ...Lg7 ab.} 42. Qxh7+ Bg7) 42. Qg8+ Bg7 {Weiss muss nun ...f5 beachten.} 43. Rxe6 $2 {[%mdl 8192]} (43. Bxe6 $11 f5 44. Kg2 (44. Bxf5+ Kxf5 45. Qxh7+ Kf6 $17)) 43... Ra1+ $19 44. Kg2 Qd5+ ({Viel schwächer ist} 44... Rxe6 45. Bxe6 Qf8 46. Qxf8 $19) 45. Kh3 {[#] Weiss will mit Txf6+ Matt setzen.} Rxe6 $1 46. Bxe6 Qh5+ 47. Kg2 Qe2 {Droht stark ...Tf1.} 48. Bc4 d3 49. Bxd3+ $2 (49. Qf7+ Kh6 50. Qd5 Qf1+ 51. Kf3 Qh1+ 52. Ke3 Qxd5 53. Bxd5 Rxa6 54. Kxd3) 49... Qxd3 50. Qe8+ Kf5 51. Qh5+ Ke6 52. Qe8+ Kf5 53. Qh5+ Ke6 {( -> ...Df1+)} 54. Qe8+ Kf5 $2 {Precision: Weiß = 35%, Schwarz = 61%.} (54... Kd5 $19 55. Qg8+ Kc6 56. Qe6+ Kb5 57. Qxb6+ Kc4 58. Qc7+ Kb3 59. Qb6+ Kc3 60. Qc5+ Kd2 61. Qb4+ Kc2 62. Qc5+ Kd1) 1/2-1/2

[Event "4NCL Div 1 2018-19"]
[Site "Daventry"]
[Date "2018.11.10"]
[Round "1"]
[White "Zeidler, Sven P."]
[Black "Taylor, Martin R"]
[Result "1/2-1/2"]
[WhiteElo "2179"]
[BlackElo "2337"]
[Annotator "NA"]
[PlyCount "92"]
[EventDate "2018.11.10"]
[EventType "team-tourn"]
[EventCountry "GBR"]
[SourceTitle "playchess.com"]
[Source "ChessBase"]
[SourceQuality "1"]
[TimeControl "40/6000+30:3000+30"]

1. e4 {[%emt 0:00:00]} Nf6 {[%emt 0:00:00]} 2. Nc3 {[%emt 0:00:00]} e5 {[%emt 0:00:00]} 3. Nf3 {[%emt 0:00:00]} Nc6 {[%emt 0:00:04]} 4. Be2 {[%emt 0:00:12]} d5 {[%emt 0:00:52]} 5. exd5 {[%emt 0:00:17]} Nxd5 {[%emt 0:00:08]} 6. O-O {[%emt 0:00:15]} Nxc3 {[%emt 0:00:37]} 7. bxc3 {[%emt 0:00:12]} e4 {[%emt 0:01:47] C47: Scotch Four Knights and Four Knights with 4 g3} 8. Nd4 {[%emt 0:01:00]} (8. Ne1 Bd6 9. f3 f5 10. fxe4 fxe4 11. Rb1 Qe7 12. d4 exd3 13. cxd3 Bd7 14. Rxb7 O-O-O 15. Rb2 {1-0 (29) Van Foreest,J (2629)-Giri,A (2752) Amstelveen 2017}) 8... Nxd4 {[%emt 0:01:33]} 9. cxd4 {[%emt 0:00:03]} Qxd4 {[%emt 0:00:26]} 10. c3 {[%emt 0:00:06]} Qd5 {[%emt 0:01:33]} 11. d4 {[%emt 0:01:02]} Be7 {[%emt 0:17:57]} 12. f3 $146 {[%emt 0:00:24]} ({Predecessor:} 12. c4 Qd8 13. f3 Bf6 14. Be3 c5 15. d5 exf3 16. Bxf3 Bxa1 17. Qxa1 O-O 18. Bxc5 Re8 19. Bh5 f6 20. Bxe8 Qxe8 21. Re1 Qg6 {½-½ (21) Yeritsyan,H (2149)-Tate,A (2399) Batumi 2018}) 12... O-O {[%emt 0:13:12]} 13. fxe4 Qxe4 {[%emt 0:01:28]} 14. Bf3 {[%emt 0:13:14]} Qg6 {[%emt 0:04:37]} 15. Bf4 {[%emt 0:17:35]} Bd6 {[%emt 0:08:21]} 16. Bxd6 {[%emt 0:03:03]} Qxd6 {[%emt 0:01:37]} 17. Rb1 {[%emt 0:01:04]} c6 {[%emt 0:04:18]} 18. a4 {[%emt 0:06:12]} Rb8 {[%emt 0:10:21]} 19. Qb3 {[%emt 0:06:56]} Be6 {[%emt 0:09:12]} 20. Qb4 {[%emt 0:00:48]} Rfd8 {[%emt 0:02:30]} 21. Qa5 {[%emt 0:06:35]} Bd5 {[%emt 0:24:40]} 22. Qxa7 {[%emt 0:22:26]} Ra8 {[%emt 0:00:15]} 23. Qb6 {[%emt 0:02:09]} Rxa4 {[%emt 0:01:40]} 24. Qxb7 {[%emt 0:01:29]} h6 {[%emt 0:02:50]} 25. Bxd5 {[%emt 0:09:20]} Qxd5 {[%emt 0:00:02]} 26. Qb3 {[%emt 0:00:35]} Ra7 {[%emt 0:02:02]} 27. Rfe1 {[%emt 0:06:00]} Rc7 {[%emt 0:00:21]} 28. Re5 {[%emt 0:01:00]} Qxb3 {[%emt 0:00:07]} 29. Rxb3 {[%emt 0:00:05]} Rd5 {[%emt 0:00:15]} 30. Rxd5 {[%emt 0:04:44]} cxd5 {[%emt 0:00:01]} 31. Kf2 {[%emt 0:02:01]} f6 {[%emt 0:01:02]} 32. Ke3 {[%emt 0:00:33]} Kf7 {[%emt 0:00:28]} 33. Kd3 {[%emt 0:00:32]} h5 {[%emt 0:00:28]} 34. Rb8 {[%emt 0:01:50]} g6 {[%emt 0:01:15]} 35. Rh8 {[%emt 0:02:56]} Ke6 {[%emt 0:00:14]} 36. g3 {[%emt 0:00:42]} Ra7 {[%emt 0:00:25]} 37. Rg8 {[%emt 0:00:19]} Kf5 {[%emt 0:00:31]} 38. Rd8 {[%emt 0:00:24]} Ke6 {[%emt 0:00:07]} 39. Rg8 {[%emt 0:00:15]} Kf5 {[%emt 0:01:11]} 40. Rd8 {[%emt 0:00:39]} Ke6 {[%emt 0:00:54]} 41. Re8+ {[%emt 0:51:54]} Kf5 {[%emt 0:50:25]} 42. Re2 {[%emt 0:00:00]} Ra6 {[%emt 0:00:00]} 43. h3 {[%emt 0:00:00]} Ra1 {[%emt 0:00:00]} 44. Rf2+ {[%emt 0:00:00]} Ke6 {[%emt 0:00:00]} 45. Re2+ {[%emt 0:00:00]} Kf5 $11 {[%emt 0:00:00]} 46. Rf2+ {[%emt 0:00:00]} Ke6 {[%emt 0:00:07] Ke4 [%emt 00:01:07] Ke5+} 1/2-1/2

[Event "4NCL Div 1 2018-19"]
[Site "Daventry"]
[Date "2018.11.10"]
[Round "1"]
[White "Makkar, Rajat"]
[Black "Kolbus, Dietmar"]
[Result "1/2-1/2"]
[WhiteElo "2173"]
[BlackElo "2305"]
[Annotator "NA"]
[PlyCount "76"]
[EventDate "2018.11.10"]
[EventType "team-tourn"]
[EventCountry "GBR"]
[SourceTitle "playchess.com"]
[Source "ChessBase"]
[SourceQuality "1"]
[TimeControl "40/6000+30:3000+30"]

1. d4 {[%emt 0:00:00]} Nf6 {[%emt 0:00:00]} 2. c4 {[%emt 0:00:00]} g6 {[%emt 0:00:00]} 3. g3 {[%emt 0:00:33]} Bg7 {[%emt 0:01:08]} 4. Bg2 {[%emt 0:00:24]} d5 {[%emt 0:00:08]} 5. cxd5 {[%emt 0:03:45]} Nxd5 {[%emt 0:00:14]} 6. Nf3 {[%emt 0:00:28]} Nb6 {[%emt 0:00:19]} 7. O-O {[%emt 0:01:06]} Nc6 {[%emt 0:00:14]} 8. e3 {[%emt 0:01:38]} O-O {[%emt 0:00:13]} 9. Nc3 {[%emt 0:01:05]} e5 {[%emt 0:02:24]} 10. d5 {[%emt 0:02:49]} Na5 {[%emt 0:00:06]} 11. e4 {[%emt 0:01:39]} c6 {[%emt 0:00:09]} 12. dxc6 {[%emt 0:11:36]} Nxc6 {[%emt 0:00:40]} 13. b3 {[%emt 0:06:23] D76: Fianchetto Grünfeld: Main Line with 7...Nb6} Bg4 {[%emt 0:07:21]} 14. Ba3 {[%emt 0:06:34]} (14. h3 Qxd1 15. Rxd1 Bxf3 16. Bxf3 Nd4 17. Kg2 Rac8 18. Bd2 Rfd8 19. Rac1 Rc6 20. Bg5 Rdc8 {1-0 (62) Pereira,R (2420)-Fernandes,A (2403) Maia 2018}) 14... Qxd1 {[%emt 0:04:09]} 15. Raxd1 $146 {[%emt 0:10:04]} ({Predecessor:} 15. Rfxd1 Rfd8 16. Rxd8+ Rxd8 17. Rd1 Nd4 18. Kh1 Bf6 19. Rd3 Nxf3 20. Rxd8+ Bxd8 {½-½ (44) Helbig,J (2180)-Herbrechtsmeier,C (2280) Germany 1998}) 15... Rfd8 {[%emt 0:01:31]} 16. h3 {[%emt 0:01:45]} Bxf3 {[%emt 0:00:38]} 17. Bxf3 {[%emt 0:00:05]} Nd4 {[%emt 0:00:16]} 18. Kg2 {[%emt 0:04:00]} Bf8 {[%emt 0:00:21]} 19. Bxf8 {[%emt 0:02:50]} Kxf8 {[%emt 0:00:44]} 20. Rd3 {[%emt 0:15:01]} Ke7 {[%emt 0:00:42]} 21. Rfd1 {[%emt 0:00:10]} h5 {[%emt 0:02:24]} 22. Ne2 {[%emt 0:04:27]} Nc6 {[%emt 0:08:59]} 23. a3 $15 {[%emt 0:07:30]} Rxd3 {[%emt 0:01:44]} 24. Rxd3 {[%emt 0:00:02]} Rd8 {[%emt 0:00:37]} 25. Rxd8 {[%emt 0:01:25]} Kxd8 {[%emt 0:00:03]} 26. Nc3 {[%emt 0:03:27]} Nd4 {[%emt 0:00:14]} 27. Bd1 {[%emt 0:00:07]} Ke7 {[%emt 0:02:19]} 28. f4 {[%emt 0:01:26]} Kd6 {[%emt 0:00:20]} 29. Kf2 {[%emt 0:00:52]} a5 {[%emt 0:11:57]} 30. Ne2 {[%emt 0:05:46]} Nb5 {[%emt 0:03:13]} 31. a4 {[%emt 0:01:21]} Nc7 {[%emt 0:00:18]} 32. Nc1 {[%emt 0:02:38]} Na6 {[%emt 0:07:08]} 33. Nd3 {[%emt 0:02:26]} Nd7 {[%emt 0:00:12]} 34. Ke3 {[%emt 0:01:44]} Nac5 {[%emt 0:00:51]} 35. Bc2 {[%emt 0:00:53]} Ne6 {[%emt 0:10:23]} 36. Bd1 {[%emt 0:01:57]} Nec5 {[%emt 0:06:51]} 37. Bc2 {[%emt 0:00:30]} Ne6 {[%emt 0:03:24]} 38. Bd1 {[%emt 0:00:06]} Nec5 {[%emt 0:01:02]} 1/2-1/2

[Event "4NCL Div 1 2018-19"]
[Site "Daventry"]
[Date "2018.11.10"]
[Round "1"]
[White "Toma, Katarzyna"]
[Black "Sowray, Peter J"]
[Result "1/2-1/2"]
[WhiteElo "2164"]
[BlackElo "2353"]
[Annotator "TA"]
[PlyCount "134"]
[EventDate "2018.11.10"]
[EventType "team-tourn"]
[EventCountry "GBR"]
[SourceTitle "playchess.com"]
[Source "ChessBase"]
[SourceQuality "1"]

{[%evp 21,134,0,1,0,0,-10,-6,-7,-7,-12,-8,-29,-5,-32,-16,-34,-17,-8,22,25,38,34,21,28,71,0,0,-35,-35,-49,-60,-54,-48,-34,-45,-44,-4,-27,-29,-23,-25,-36,-6,-6,-2,-6,-3,-33,-31,-35,-20,-25,-27,-69,-95,-75,-86,-86,-47,-47,-25,-29,-29,-47,-29,-27,0,0,0,0,0,0,0,0,0,0,0,0,0,0,0,0,0,0,0,0,0,0,0,0,0,0,0,0,0,0,0,0,0,0,0,0,0,0,0,0,0,0,0,0,0,0,0,0,0]} 1. e4 {Hecht,H} e5 2. Nf3 Nc6 3. Bb5 a6 4. Ba4 Nf6 5. Qe2 Be7 6. c3 b5 7. Bb3 d5 8. d3 O-O 9. O-O Be6 {C86: Closed Ruy Lopez: Worrall Attack} 10. Rd1 Re8 11. Bg5 (11. Nbd2 h6 12. Nf1 Bf8 13. Ng3 d4 14. Bxe6 Rxe6 15. Nf5 Ne8 16. a4 Rb8 17. axb5 axb5 {0-1 (66) Bacrot,E (2725)-Aronian,L (2805) Riadh 2017}) 11... h6 {LiveBook: 3 Games} 12. Bh4 Nh5 13. Bxe7 Qxe7 14. g3 Nf6 15. Nbd2 Rad8 {[#]} 16. Nf1 $146 ({Predecessor:} 16. a4 Qd6 17. axb5 axb5 18. exd5 Nxd5 {1-0 (61) Hjartarson,J (2570)-Pedersen,N (2290) Copenhagen 1996 CBM 054 [Hecht,H]}) 16... Bh3 17. Ne3 {[%cal Rb3d5]} d4 18. Nd5 Nxd5 19. Bxd5 Qf6 20. Bxc6 Qxc6 21. cxd4 exd4 22. Rdc1 Qd7 {[#]} 23. Qc2 (23. Nd2 $1 $16) 23... Qg4 $11 24. Ne1 {[#]} c5 $1 $36 {[%mdl 2560] Black is pushing.} 25. Qxc5 Qe2 {[%csl Gh3][%cal Re2f1]} 26. Ng2 Bxg2 $1 27. Kxg2 Qxd3 28. Re1 $1 Qd2 (28... Rc8 $5 {[%cal Rc8c5]} 29. Rad1 {[#]} Qxg3+ $1 {[%mdl 512]} 30. hxg3 Rxc5 $15) 29. Qc1 Qb4 30. a3 Qb3 31. Qd2 Re6 32. Rac1 Red6 33. Rc5 d3 34. Re3 Qe6 35. f3 Qd7 36. Re1 Rc6 37. Rec1 Rxc5 38. Rxc5 $15 {[%mdl 4096] Endgame KQR-KQR} Qd4 39. Rc1 a5 40. Rd1 b4 41. axb4 axb4 42. Qf2 Qc4 43. Qe3 Qc2+ 44. Rd2 {The position is equal.} Qc1 45. g4 b3 46. Kg3 Qc4 47. h4 Rd4 48. h5 Qc7+ 49. Qf4 Qd8 50. Qe3 Qd6+ 51. Qf4 Qb4 52. Qe3 Qc4 53. Qf4 (53. f4 {with more complications.} Qc1 54. e5 Qc4 55. Qf3 Kh7 56. Qe3) 53... Rd8 54. Qe3 Rd7 55. Qf4 Qb4 56. Qe3 Qd6+ 57. Qf4 Qb6 58. Kg2 Rd8 59. Qe5 Qe3 60. Qc3 Kh7 61. Kg3 $1 Qg1+ 62. Kf4 Rd6 {Threatens to win with ...Rf6+.} 63. Rxd3 Rxd3 64. Qxd3 Qc1+ 65. Kg3 {Hoping for e5+.} Qg1+ 66. Kh3 Qh1+ 67. Kg3 {Strongly threatening e5+.} Qg1+ {Precision: White = 69%, Black = 58%.} 1/2-1/2